书目信息 |
| 题名: |
中国优秀传统文化与语言文学
|
|
| 作者: | 邢娜 , 白宁 著 | |
| 分册: | ||
| 出版信息: | 长春 吉林出版集团股份有限公司 2020.4 |
|
| 页数: | 240页 | |
| 开本: | 23cm | |
| 丛书名: | ||
| 单 册: | ||
| 中图分类: | H1 , I206 | |
| 科图分类: | ||
| 主题词: | 汉语--han yu--语言学--研究 , 中国文学--zhong guo wen xue--文学研究 | |
| 电子资源: | ||
| ISBN: | 978-7-5581-8292-1 | |
| 000 | 01023nam0 2200265 450 | |
| 001 | 2157974077 | |
| 005 | 20211011172911.0 | |
| 010 | @a978-7-5581-8292-1@dCNY68.00 | |
| 100 | @a20200426d2020 em y0chiy0110 ea | |
| 101 | 0 | @achi |
| 102 | @aCN@b220000 | |
| 105 | @ay z 000yy | |
| 106 | @ar | |
| 200 | 1 | @a中国优秀传统文化与语言文学@Azhong guo you xiu chuan tong wen hua yu yu yan wen xue@f邢娜,白宁著 |
| 210 | @a长春@c吉林出版集团股份有限公司@d2020.4 | |
| 215 | @a240页@d23cm | |
| 330 | @a本书是以汉语言文学为研究对象,深入分析中国传统文化传承与汉语言文学之间的关系。汉语言文学是在古汉语及古代文学作品的基础上总结出来的,是中国传统文化的重要组成部分。汉语言文学是中华优秀传统文化的主要载体,肩负着对本民族语言、文学和文化进行研究和传承的责任。 | |
| 606 | 0 | @a汉语@Ahan yu@x语言学@x研究 |
| 606 | 0 | @a中国文学@Azhong guo wen xue@x文学研究 |
| 690 | @aH1@v5 | |
| 690 | @aI206@v5 | |
| 701 | 0 | @a邢娜@Axing na@4著 |
| 701 | 0 | @a白宁@Abai ning@4著 |
| 801 | 0 | @aCN@b百万庄@c20211006 |
| 905 | @b1305707-09@dH1@e191@f3 | |
| 中国优秀传统文化与语言文学/邢娜,白宁著.-长春:吉林出版集团股份有限公司,2020.4 |
| 240页;23cm |
| ISBN 978-7-5581-8292-1:CNY68.00 |
| 本书是以汉语言文学为研究对象,深入分析中国传统文化传承与汉语言文学之间的关系。汉语言文学是在古汉语及古代文学作品的基础上总结出来的,是中国传统文化的重要组成部分。汉语言文学是中华优秀传统文化的主要载体,肩负着对本民族语言、文学和文化进行研究和传承的责任。 |
| ● |
| 相关链接 |
|
|
|
|
正题名:中国优秀传统文化与语言文学
索取号:H1/191
 
预约/预借
| 序号 | 登录号 | 条形码 | 馆藏地/架位号 | 状态 | 备注 |
| 1 | 1305707 | 213057074 | 第二样本阅览室/ [索取号:H1/191] | 在馆 | |
| 2 | 1305708 | 213057083 | 第四借阅区/ [索取号:H1/191] | 在馆 | |
| 3 | 1305709 | 213057092 | 第四借阅区/ [索取号:H1/191] | 在馆 |